1899 1354 1368 1907 1828 1489 1371 1428 1845 1241 1272 1394 1727 1767 1935 1249 1742 1525 1146 1156 1488 1787 1691 1613 1201 1067 1153 1465 1681 1976 1562 1448 1830 1413 1403 1950 1215 1752 1951 1441 1219 1626 1969 1253 1322 1265 1454 1188 1686 1259 1171 1982 1946 1292 1098 1048 1240 1690 1765 1860 1171 1972 1839 1909 1761 1614 1377 1318 1328 1219 1343 1744 1942 1793 1376 1794 1777 1173 1925 1139 1250 1618 1349 1951 1546 1103 1437 1473 1281 1085 1918 1205 1643 1309 1460 1253 1202 1338 1807 BCNSPRNW ULIB Ver.6.0+V

เปลี่ยนเป็นภาษาไทย

Change to English
 แสดงรายละเอียดบรรณานุกรม
  กลับหน้าหลัก

Brief Record : Get Marc (ISO 2709) : E-mail record : QR code < ปิดหน้าต่าง
LEADER : 00000nam 2200000uu 4500
001    13399112028
003     ULIB
008    110725s2547||||th 000 0 tha d
020    9741102275
050  4 H62^bส324ว 2547
100 0  สรชัย พิศาลบุตร
245 10 วิจัย...ใครว่ายาก/^cสรชัย พิศาลบุตร
250    พิมพ์ครั้งที่ 1
260    กรุงเทพฯ :^bวิทยพัฒน์,^c2547
300    154 หน้า
650  7 วิจัย
945    ^p95^l0^i016998
945    ^p95^l0^i016999
945    ^p95^l0^i024149
995    ทศพร
999 ^a ทศพร
รายการนี้ยังไม่มีแท็ก
คุณยังไม่ได้ล็อกอิน คุณสามารถมีกิจกรรมร่วมกับเว็บไซต์ได้ แต่ต้องล็อกอินก่อน ::
  ล็อกอิน

รายการสื่อสารสนเทศ

ลำดับที่ ประเภท เลขเรียก/บาร์โค้ด สถานที่ สถานะ
- ไม่พบข้อมูล -

รายการใกล้เคียง
    ผู้แต่ง [สรชัย พิศาลบุตร]

    หัวเรื่อง [วิจัย]

BibComment


ยังไม่เคยถูกคอมเมนท์

คอมเมนท์ทรัพยากรรายการนี้
  คอมเมนท์: วิจัยใครว่ายาก สร..


 Copyright 2026. Bcnsprnw @Library